| 000 | 00426nam a2200157Ia 4500 | ||
|---|---|---|---|
| 003 | GCL | ||
| 008 | 140319s9999 xx 000 0 eng d | ||
| 040 |
_aGCL / _cGCL |
||
| 082 | 0 | 4 |
_a629.134352 _bS C |
| 100 | 1 | _aSPRINGER VERLAG | |
| 245 | 1 | 0 |
_aCOMPOUND SEMICONDUCTOR DEVICE MODELLING / _cSPRINGER VERLAG |
| 260 |
_a[S.N] : _bSPRINGER - VERLAG ، _c1993 |
||
| 300 | _a286 P | ||
| 650 | 0 | 4 | _aCOMPOUNDS LIQUORS |
| 942 |
_2ddc _cBK |
||
| 999 |
_c20112 _d20112 |
||